00362pab a2200133 454500008004000000100002300040245006300063260000900126300001600135362001100151650002000162650001200182773003400194180718b2007 xxu||||| |||| 00| 0 eng d aLakshmi, Aishwarya aThe mutiny novel: creating the domestic body of the empire c2007 ap.1746-753. a12 May aIndia - History aHistory aEconomic and Political Weekly